| 000 | 005930000a22001810004500 | ||
|---|---|---|---|
| 003 | MACL | ||
| 005 | 20160421141437.0 | ||
| 008 | 160421b xxu||||| |||| 00| 0 eng d | ||
| 040 |
_aMACL _cMACL |
||
| 041 | _aHindi | ||
| 082 | _a796 | ||
| 100 |
_aसंजय भोला धीर _920109 |
||
| 245 | _aविभिन्न खेलों के नियम एंव शारीरिक शिक्षा | ||
| 260 |
_aदिल्ली _bमित्तल बुक एजेन्सी _c2011 |
||
| 350 | _a250 | ||
| 650 |
_aGame _953140 |
||
| 942 |
_cHIN _k796 _2ddc |
||
| 999 |
_c46834 _d46834 |
||